000 00877cam a2200241 4500
001 X113085
008 000000n2001 000 0 eng u
035 _a(Sirsi) u113085
100 _aGilbertson, B.
245 _aValuers should be certified for cross-border work
260 _c2001
490 _aProperty Week
_v66(23) 8 June 2001, 22(1)
520 _aCalls for the introduction of global standards for surveyors, suggesting that a system of licences, similar to that already in use in the United States, is the most effective means of ensuring continued quality.
650 _aABOUT RICS-RICS MEMBERS
650 _aHARMONISATION
650 _aINTERNATIONAL STANDARDS
650 _aRECOGNITION OF QUALIFICATIONS
650 _aRICS
650 _aSURVEYORS
650 _aVALUERS
690 _aMANAGEMENT-BUSINESS MANAGEMENT-PROFESSIONAL PRACTICE
942 _n0
999 _c67320
_d67320